000 00282nam a22001217a 4500
008 160425b xxu||||| |||| 00| 0 eng d
020 _a9780803618565
020 _a100803618565
041 _aeng
080 _a618.2
245 _aNursing now :
_cJoseph T. Catalano;
942 _2udc
_cBK
999 _c1564
_d1564